| 000 | 01762nam0a2200337 4500 | ||
|---|---|---|---|
| 001 | RU\NLR\b_ik\171165 | ||
| 005 | 20260407171609.0 | ||
| 010 |
_a978-5-900780-76-4 _9210 |
||
| 035 | _a(NLR Aleph) 002243875 | ||
| 090 |
_a3595445 _c3595445 |
||
| 100 | _a20080724d2008 |||y0rusy50 ca | ||
| 101 | 0 | _aeng | |
| 102 | _aRU | ||
| 105 | _aab ||||||||| | ||
| 200 | 1 |
_aTerrestrial gravimetry: static and mobile measurements, TG-SAA2007 _eInternational symposium, 20-23 August 2007, Saint Petersburg, Russia _eproceedings _f[ed.-in-chief acad. of the RAS Vladimir G. Peshekhonov] |
|
| 210 |
_aSaint-Petersburg _cState research center of Russia elektropribor _d2008 |
||
| 215 |
_a283 с. _cил., карт. _d29 |
||
| 300 | _aВ надзаг.: The State research center of the Russ. Federation, Centr. sci. inst. Elektropribor | ||
| 300 | _aНа авантит.: Confident gravity measurements on the changing earth | ||
| 320 | _aБиблиогр. в конце докл. | ||
| 320 | _aУказ.: с. 283-283 | ||
| 541 | 0 |
_aГравиметрия Земли:статические и подвижные измерения _eМеждународный симпозиум,20-23 августа 2007,Санкт-Петербург,Россия _zrus |
|
| 606 | 1 |
_aГравиметрия _jСъезды, совещания и т.п. _91044248 _3RU\NLR\AUTH\6684588 |
|
| 686 | 1 | _aД212я431(0) | |
| 702 | 1 |
_4340 _7ba _8rus _aPešechonov _bV. G. _f1934- _gVladimir Grigor'evič _9204112 _3RU\NLR\AUTH\770204163 |
|
| 711 | 1 | 2 |
_4070 _8eng _aInternational symposium on terrestrial gravimetry: static and mobile measurements _f2007 _eSaint-Petersburg _7ba _3RU\NLR\AUTH\8810107951 _9716086 |
| 801 | 0 |
_aRU _bNLR _c20080724 _gRCR |
|
| 942 | _cBOOK | ||
| 980 | _aNB | ||